Statistics for 100 Biggest U.S. Cities in 2030 - Estimates

Click here to take the quiz!

General Stats

  • This quiz has been taken 47 times
  • The average score is 82 of 100

Answer Stats

#StatePop.Answer% Correct
13TX1,015,279Austin
100%
3IL2,401,119Chicago
100%
9TX1,370,208Dallas
100%
20CO728,730Denver
100%
10TX1,110,069Fort Worth
100%
4TX2,392,662Houston
100%
2CA3,696,254Los Angeles
100%
26KY598,324Louisville
100%
8PA1,389,482Philadelphia
100%
5AZ1,796,833Phoenix
100%
33CA544,401Sacramento
100%
7CA1,434,586San Diego
100%
18CA785,909San Francisco
100%
32GA550,807Atlanta
97%
14OH947,331Columbus
97%
17IN866,229Indianapolis
97%
11FL1,086,583Jacksonville
97%
28TN581,648Memphis
97%
40FL509,634Miami
97%
1NY7,351,065New York City
97%
56FL365,897Orlando
97%
29OR568,603Portland
97%
6TX1,624,021San Antonio
97%
15WA891,248Seattle
97%
43FL440,413Tampa
97%
25MA620,058Boston
95%
12NC1,019,456Charlotte
95%
31MI558,048Detroit
95%
24TX669,304El Paso
95%
22NV700,306Las Vegas
95%
45MN428,784Minneapolis
95%
21TN727,526Nashville
95%
19OK746,312Oklahoma City
95%
16CA889,369San Jose
95%
27AZ589,294Tucson
95%
59OH331,351Cleveland
92%
69LA311,257New Orleans
92%
37NC530,147Raleigh
92%
34NM544,208Albuquerque
89%
38MD513,531Baltimore
89%
65OH316,137Cincinnati
89%
41CO509,608Colorado Springs
89%
63HI318,037Honolulu
89%
39MO512,081Kansas City
89%
35WI543,025Milwaukee
89%
42NE458,313Omaha
89%
50OK404,643Tulsa
89%
23DC695,899Washington
89%
88NY265,614Buffalo
87%
44VA431,122Virginia Beach
87%
47CA423,191Bakersfield
84%
82PA282,554Pittsburgh
84%
97VA243,739Richmond
84%
86MN271,384St. Paul
84%
52KS392,296Wichita
84%
60CA330,757Anaheim
82%
30CA558,823Fresno
82%
64NC316,235Greensboro
82%
62KY319,339Lexington
82%
68WI313,159Madison
82%
36AZ537,770Mesa
82%
79NJ289,600Newark
82%
53CA384,649Oakland
82%
74NV300,832Reno
82%
85AK274,689Anchorage
79%
73NE301,835Lincoln
79%
83IN280,367Fort Wayne
76%
46CA427,091Long Beach
76%
49TX405,194Arlington
74%
51NV403,367Henderson
74%
93AL248,021Huntsville
74%
57NV355,895North Las Vegas
74%
55CA375,580Riverside
74%
96SD244,286Sioux Falls
74%
71TX303,527Corpus Christi
71%
67NC313,936Durham
71%
94OH246,757Toledo
71%
48CO418,873Aurora
68%
72NJ302,894Jersey City
68%
84FL278,640St. Petersburg
68%
92NC254,774Winston-Salem
68%
81TX285,778Lubbock
63%
87AZ270,080Glendale
61%
89TX258,523Laredo
61%
95AZ245,210Scottsdale
61%
99WA239,240Tacoma
61%
54CA382,397Irvine
58%
70CA303,533Santa Ana
58%
78AZ290,567Chandler
55%
91TX255,947Irving
55%
76TX296,355Plano
55%
66CA315,515Stockton
55%
61FL321,128Cape Coral
53%
90VA258,480Chesapeake
50%
75CA296,466Chula Vista
50%
80TX287,635Frisco
50%
77AZ292,474Gilbert
47%
98TX240,147McKinney
39%
58FL342,886Port St. Lucie
39%
100TX237,171Grand Prairie
26%

Score Distribution

Percentile by Number Answered

Percent of People with Each Score

Your Score History

You have not taken this quiz